000 00634nam a2200277Ia 4500
005 20260324133602.0
008 008 260324s9999 xx 000 0 eng d
020 _a9781315133522
037 _aEBOOK
040 _aCRL
040 _beng
040 _cCRL
041 _2eng
041 _aeng
084 _qCRL
100 _aLancelot Whyte
_91193640
245 4 _aThe Next Development of Mankind
260 _bTaylor and Francis
260 _c2003
365 _a
365 _b220
856 _uhttp://www.taylorfrancis.com/books/9781315133522
942 _cEBOOK
999 _c1792833
_d1792833